000 00965nam a22003377a 4500
001 BR2013009074
003 BR-BrBNA
005 20230928104315.0
007 ta
008 230509b bl.||||| |||| 00| 0 por d
040 _aBR-BrBNA
_bpor
_cBiblioteca Nacional de Agricultura
041 _a(Por)
072 _aF01
_b1410
090 _ 1410 BR2013009074
100 1 _aZilli, J.E. (ed.)
100 1 _aAlves, J.M.A. (ed.)
110 1 _aEMBRAPA Roraima, Boa Vista, RR (Brasil)
_93712
245 1 _aA cultura do feijão-caupi na Amazônia Brasileira
250 1 _a1. ed.
260 3 _aBoa Vista, RR (Brasil):
_c2009.
300 _a356 p.
500 _aIncludes several bibliographies; Summary (Por); 57 illus.; 41 tables
650 _aFEIJÃO
650 _aPRODUÇÃO VEGETAL
650 _aSISTEMA DE CULTIVO
650 _aAMAZÔNIA
650 _aMERCADO
650 _aFERTILIDADE DO SOLO
909 _a202309
_bLucia
_c55
_dLucia Elande
942 _cBK
999 _c79209
_d79209